<?xml version="1.0" encoding="UTF-8"?>
<record
    xmlns:xsi="http://www.w3.org/2001/XMLSchema-instance"
    xsi:schemaLocation="http://www.loc.gov/MARC21/slim http://www.loc.gov/standards/marcxml/schema/MARC21slim.xsd"
    xmlns="http://www.loc.gov/MARC21/slim">

  <leader>05617nab a22009257  4500</leader>
  <controlfield tag="003">AR-RoUNA</controlfield>
  <datafield tag="022" ind1=" " ind2=" ">
    <subfield code="a">0327-9022</subfield>
  </datafield>
  <datafield tag="040" ind1=" " ind2=" ">
    <subfield code="a">AR-RoUNA</subfield>
    <subfield code="b">spa</subfield>
  </datafield>
  <datafield tag="041" ind1=" " ind2=" ">
    <subfield code="a">spa</subfield>
  </datafield>
  <datafield tag="044" ind1=" " ind2=" ">
    <subfield code="a">ag</subfield>
  </datafield>
  <datafield tag="245" ind1=" " ind2=" ">
    <subfield code="a">Summa+</subfield>
  </datafield>
  <datafield tag="260" ind1=" " ind2=" ">
    <subfield code="a">Buenos Aires (Argentina):</subfield>
    <subfield code="c">Donn SA,</subfield>
    <subfield code="b">1993.</subfield>
  </datafield>
  <datafield tag="300" ind1=" " ind2=" ">
    <subfield code="a">160 p. :</subfield>
    <subfield code="b">il. byn.</subfield>
    <subfield code="b">planos</subfield>
    <subfield code="c">34X25 cm.</subfield>
  </datafield>
  <datafield tag="505" ind1="0" ind2=" ">
    <subfield code="t">INDICE</subfield>
  </datafield>
  <datafield tag="505" ind1="0" ind2=" ">
    <subfield code="t">HOTELES, COMERCIOS Y OFICINAS</subfield>
  </datafield>
  <datafield tag="505" ind1="0" ind2=" ">
    <subfield code="t">HOTELES - REFUGIO DISTANTE - PATAGONIA CHILENA      </subfield>
  </datafield>
  <datafield tag="505" ind1="0" ind2=" ">
    <subfield code="a">Germ&#xE1;n Del Sol / Hotel Remota en Patagonia, Puerto Natales, &#xDA;ltima Esperanza, (Chile), 2005 p. 6</subfield>
  </datafield>
  <datafield tag="505" ind1="0" ind2=" ">
    <subfield code="t">CON EL COLOR DEL DISE&#xD1;O - CHILE</subfield>
  </datafield>
  <datafield tag="505" ind1="0" ind2=" ">
    <subfield code="a">Arq. Sebasti&#xE1;n Irarr&#xE1;zaval   / Hotel &#xCD;ndigo, Ladrilleros 105, Puerto Natales, (Chile), 2007 p. 16</subfield>
  </datafield>
  <datafield tag="505" ind1="0" ind2=" ">
    <subfield code="t">INCLINACI&#xD3;N AL PAISAJE - PATAGONIA ARGENTINA</subfield>
  </datafield>
  <datafield tag="505" ind1="0" ind2=" ">
    <subfield code="a">Carlos A. Ott  architects / Hotel Desing Suites Calafate, Santa Cruz ( Argentina), 2006. p. 22</subfield>
  </datafield>
  <datafield tag="505" ind1="0" ind2=" ">
    <subfield code="t">EL TERRITORIO DE LA ARQUITECTURA - PUERTO MADRYN</subfield>
  </datafield>
  <datafield tag="505" ind1="0" ind2=" ">
    <subfield code="a">Estudio Aja Espil - Cobelo / Hotel Territorio, Chubut, (Argentina), 2006. p. 30</subfield>
  </datafield>
  <datafield tag="505" ind1="0" ind2=" ">
    <subfield code="a">Diego R. Armando / &#xBF;Rehus&#xF3; o demolici&#xF3;n?. p. 36</subfield>
  </datafield>
  <datafield tag="505" ind1="0" ind2=" ">
    <subfield code="t">EN TIEMPO Y FORMA / SAN PABLO</subfield>
  </datafield>
  <datafield tag="505" ind1="0" ind2=" ">
    <subfield code="a">Marcio Kogan - Isay Weinfeld / Hotel Fasano, ( Brasil.), 2003 p. 40</subfield>
  </datafield>
  <datafield tag="505" ind1="0" ind2=" ">
    <subfield code="a">Roberto Segre / Una catenaria hedonista en San Pablo. p.44</subfield>
  </datafield>
  <datafield tag="505" ind1="0" ind2=" ">
    <subfield code="a"> Ohtake Ruy / Hotel Unique, San Pablo. (Brasil), 1998. p. 45</subfield>
  </datafield>
  <datafield tag="505" ind1="0" ind2=" ">
    <subfield code="t">HOTEL Y ESCUELA - MONTREAL</subfield>
  </datafield>
  <datafield tag="505" ind1="0" ind2=" ">
    <subfield code="a">Lapointe Magne + AEdifica / Instituto de turismo y Hoteler&#xED;a de Quebec, Montreal.  (Canad&#xE1;), 2005. p. 50</subfield>
  </datafield>
  <datafield tag="505" ind1="0" ind2=" ">
    <subfield code="a">Martha Levisman / El Hotel Llao Llao. Arq. Bustillo Alejandro (Bariloche - Argentina). p. 56</subfield>
  </datafield>
  <datafield tag="505" ind1="0" ind2=" ">
    <subfield code="a">Claudio Shmidt / Los hoteles de Alejandro Bustillo. p. 62</subfield>
  </datafield>
  <datafield tag="505" ind1="0" ind2=" ">
    <subfield code="t">CRUCES M&#xDA;LTIPLES - BUENOS AIRES</subfield>
  </datafield>
  <datafield tag="505" ind1="0" ind2=" ">
    <subfield code="a">Hern&#xE1;n Deswarte y  Saad Marcelo, arqs. / Hostal Ostinato, Chile 680, C.A. (Buenos Aires), 2003. p. 64</subfield>
  </datafield>
  <datafield tag="505" ind1="0" ind2=" ">
    <subfield code="t">CAJITAS FELICES - BUENOS AIRES</subfield>
  </datafield>
  <datafield tag="505" ind1="0" ind2=" ">
    <subfield code="a">Max Zolkwer arquitectura / Hostal en San Telmo, proyecto de demolici&#xF3;n, Chile 484, C.A. ,Buenos Aires, 2006. p. 68</subfield>
  </datafield>
  <datafield tag="505" ind1="0" ind2=" ">
    <subfield code="a">Penedo Augusto / Sobre el proyecto de hoteles. p. 70</subfield>
  </datafield>
  <datafield tag="505" ind1="0" ind2=" ">
    <subfield code="t">COMERCIOS</subfield>
  </datafield>
  <datafield tag="505" ind1="0" ind2=" ">
    <subfield code="t">CONTENEDORES COMERCIALES - ESPA&#xD1;A</subfield>
  </datafield>
  <datafield tag="505" ind1="0" ind2=" ">
    <subfield code="a">Pablo, Notari Oviedo arqs. Conurma  Ingenieros consultores / MEGAPARK, Barakaldo, Pa&#xED;s Vasco, 2006. p. 72</subfield>
  </datafield>
  <datafield tag="505" ind1="0" ind2=" ">
    <subfield code="t">CENTROS COMERCIALES - RESTYLING: EL LENGUAJE DE LA TENDENCIA</subfield>
  </datafield>
  <datafield tag="505" ind1="0" ind2=" ">
    <subfield code="t">DISE&#xD1;O INDUSTRIAL - DISE&#xD1;AR LA ESTRATEGIA  - ESTUDIO NYA</subfield>
  </datafield>
  <datafield tag="505" ind1="0" ind2=" ">
    <subfield code="a">Merc&#xE9;  Cayetana / Comunicaci&#xF3;n de marca. p. 90</subfield>
  </datafield>
  <datafield tag="505" ind1="0" ind2=" ">
    <subfield code="a">Lautaro Bianchi, Jos&#xE9; Monserrat, Diego Pe&#xF1;a, arqs. / Culpa, C&#xF3;rdoba, (Argentina), 2006. p. 90</subfield>
  </datafield>
  <datafield tag="505" ind1="0" ind2=" ">
    <subfield code="a">Oficina St&#xF6;berl, Alejandro St&#xF6;berl, arqs. / Gr&#xE1;fica 21, Av. Callao 1423, (Ciudad aut&#xF3;noma de Buenos Aires.), 2006. p.94</subfield>
  </datafield>
  <datafield tag="505" ind1="0" ind2=" ">
    <subfield code="a">A:BJGC. Ricardo Blinder,  Flavio Janches, Carolina Leveroni, D&#xE9;borah M. Rodr&#xED;guez , Manuel Solari, arqs.  ( Humawaca, Posadas) 1380. p. 97</subfield>
  </datafield>
  <datafield tag="505" ind1="0" ind2=" ">
    <subfield code="a"> Boyadjian  Diego/ Salsipuedes Recoleta, Libertad entre libertador y Posadas. (Recoleta), 2007. p. 100</subfield>
  </datafield>
  <datafield tag="505" ind1="0" ind2=" ">
    <subfield code="t">OFICINAS - TORRES SIAMESAS - CHILE</subfield>
  </datafield>
  <datafield tag="505" ind1="0" ind2=" ">
    <subfield code="a">Alejandro Aravena,  Charles Murray,  Alfonso Montero, Ricardo Torrej&#xF3;n, arqs./ Edificio para el centro de desarrollo docente. Campus San Joaqu&#xED;n. Universidad Cat&#xF3;lica de Chile. (Chile), 2005 p. 104</subfield>
  </datafield>
  <datafield tag="505" ind1="0" ind2=" ">
    <subfield code="t">COLOR, SOLIDEZ Y TRANSPARENCIA - BUENOS AIRES</subfield>
  </datafield>
  <datafield tag="505" ind1="0" ind2=" ">
    <subfield code="a">Matthias Klotz, Edgardo Minond / Oficinas Turner International, argentina, San Telmo (Buenos Aires), 2006 p.112</subfield>
  </datafield>
  <datafield tag="505" ind1="0" ind2=" ">
    <subfield code="a">Marina Zuccon / Fantas&#xED;as animadas de ayer y hoy. p.120</subfield>
  </datafield>
  <datafield tag="505" ind1="0" ind2=" ">
    <subfield code="a">Maquila: Cranedas Gabriela y  Salaberri Paola, arqs. / Estudios de Patagonik Animation, Godoy Cruz 1540. (Buenos Aires), 2005. p. 120</subfield>
  </datafield>
  <datafield tag="505" ind1="0" ind2=" ">
    <subfield code="t">LA NARANJA DE FABRICA - CORDOBA</subfield>
  </datafield>
  <datafield tag="505" ind1="0" ind2=" ">
    <subfield code="a">Estudio Navas / F&#xE1;brica, Tarjeta Naranja, Sucre 541. ( C&#xF3;rdoba), 2006 p. 126</subfield>
  </datafield>
  <datafield tag="505" ind1="0" ind2=" ">
    <subfield code="t">COMUNIDAD TECNOL&#xD3;GICA - BUENOS AIRES</subfield>
  </datafield>
  <datafield tag="505" ind1="0" ind2=" ">
    <subfield code="a">FPS Oficina de arquitectura, Francisco Fenili, Jorge P&#xE9;rez,  Julio Sepiurka, arqs. / Call Center Teletech, Chacabuco 175, C.A. ( Buenos Aires), 2006 . p. 130</subfield>
  </datafield>
  <datafield tag="505" ind1="0" ind2=" ">
    <subfield code="a"> Florencia Rodr&#xED;guez  / Despu&#xE9;s del fin de la arquitectura: la exposici&#xF3;n como tejido. p.136</subfield>
  </datafield>
  <datafield tag="505" ind1="0" ind2=" ">
    <subfield code="a"> Andr&#xE9;s Jaque, Arquitectos /  ETSA (Madrid). p. 140</subfield>
  </datafield>
  <datafield tag="505" ind1="0" ind2=" ">
    <subfield code="a"> Calvillo Nerea Arq / ETSAM. p. 142</subfield>
  </datafield>
  <datafield tag="505" ind1="0" ind2=" ">
    <subfield code="a">Parque Metropolitano del Agua /  Zaragoza Expo 2008 (2005). p. 144</subfield>
  </datafield>
  <datafield tag="505" ind1="0" ind2=" ">
    <subfield code="a">Ecosistema Urbano: Belinda Tato + Jos&#xE9; Luis Vallejo + Diego Garc&#xED;a -Seti&#xE9;n. p. 146</subfield>
  </datafield>
  <datafield tag="505" ind1="0" ind2=" ">
    <subfield code="t">EXPOSICIONES - ESPA&#xD1;A</subfield>
  </datafield>
  <datafield tag="505" ind1="0" ind2=" ">
    <subfield code="t">HOMENAJE - HIRSZ ROTZAIT (1915-2006)</subfield>
  </datafield>
  <datafield tag="505" ind1="0" ind2=" ">
    <subfield code="a">Arq. Hirsz Rotzait. p.  148</subfield>
  </datafield>
  <datafield tag="505" ind1="0" ind2=" ">
    <subfield code="a">Taller Danza / Laboratorios de indagaci&#xF3;n arquitect&#xF3;nica. p. 150</subfield>
  </datafield>
  <datafield tag="505" ind1="0" ind2=" ">
    <subfield code="a">Alejandro Castagnet / L.I.A Privado. p. 151</subfield>
  </datafield>
  <datafield tag="505" ind1="0" ind2=" ">
    <subfield code="a"> Di&#xE9;guez Andr&#xE9;s y Giammarchi  Florencia   / L.I.A. Reset. p. 152</subfield>
  </datafield>
  <datafield tag="505" ind1="0" ind2=" ">
    <subfield code="a">Magnone Emilio  y Lema  Cecilia / L.I.A Globo. p. 153</subfield>
  </datafield>
  <datafield tag="505" ind1="0" ind2=" ">
    <subfield code="a">Zapata Manuel y Hern&#xE1;ndez Nicol&#xE1;s / L.I.A P&#xFA;blico. p. 154</subfield>
  </datafield>
  <datafield tag="505" ind1="0" ind2=" ">
    <subfield code="a">Roberto Fern&#xE1;ndez / Amsterdam seg&#xFA;n Van Eyck. p.155</subfield>
  </datafield>
  <datafield tag="505" ind1="0" ind2=" ">
    <subfield code="a">Sabugo  Mario / Lima. p.159</subfield>
  </datafield>
  <datafield tag="505" ind1="0" ind2=" ">
    <subfield code="a">Carlos Gustavo Gim&#xE9;nez / Aleijadinho y Oscar Niemeyer: exhibici&#xF3;n de sus obras en la ciudad de R&#xED;o de Janeiro. (Brasil) p.160</subfield>
  </datafield>
  <datafield tag="650" ind1=" " ind2=" ">
    <subfield code="a">Arquitectura contempor&#xE1;nea</subfield>
  </datafield>
  <datafield tag="773" ind1="0" ind2=" ">
    <subfield code="a">Summa+</subfield>
    <subfield code="d">Buenos Aires, Argentina</subfield>
    <subfield code="g">N&#xBA;88 (ago-2007), p.160</subfield>
    <subfield code="x">0327-9022</subfield>
  </datafield>
  <datafield tag="908" ind1=" " ind2=" ">
    <subfield code="a">Imp</subfield>
  </datafield>
  <datafield tag="942" ind1=" " ind2=" ">
    <subfield code="2">udc</subfield>
    <subfield code="c">ART</subfield>
  </datafield>
  <datafield tag="945" ind1=" " ind2=" ">
    <subfield code="d">2022-07-08</subfield>
  </datafield>
  <datafield tag="980" ind1=" " ind2=" ">
    <subfield code="6">138</subfield>
    <subfield code="a">Carolina Rainero</subfield>
    <subfield code="8">138</subfield>
    <subfield code="g">Carolina Rainero</subfield>
  </datafield>
  <datafield tag="999" ind1=" " ind2=" ">
    <subfield code="c">12056</subfield>
    <subfield code="d">12056</subfield>
  </datafield>
  <datafield tag="952" ind1=" " ind2=" ">
    <subfield code="0">0</subfield>
    <subfield code="1">0</subfield>
    <subfield code="2">udc</subfield>
    <subfield code="4">0</subfield>
    <subfield code="7">0</subfield>
    <subfield code="a">AR-RoUNA</subfield>
    <subfield code="b">AR-RoUNA</subfield>
    <subfield code="c">Heme</subfield>
    <subfield code="d">2025-08-04</subfield>
    <subfield code="e">Don</subfield>
    <subfield code="l">0</subfield>
    <subfield code="p">1002715</subfield>
    <subfield code="r">2025-08-04</subfield>
    <subfield code="t">ej. 1</subfield>
    <subfield code="w">2025-08-04</subfield>
    <subfield code="y">ART</subfield>
    <subfield code="k">K6</subfield>
    <subfield code="x"></subfield>
  </datafield>
</record>
